00242nam a2200097Ia 4500008004100000041000800041100001200049245003500061260004000096300000800136230724s1999 xx und d aeng aBANZ H. aBUILDING CONSTRUCTION DETAILS. bC.B.S. PUBLISERS 8D DELHI- 32c1999 a272